Informes
Gespeichert in:
| Format: | Text |
|---|---|
| Schlagworte: | |
| Tags: |
Tag hinzufügen
Keine Tags, Fügen Sie den ersten Tag hinzu!
|
MARC
| LEADER | 00000 a a2200000 04500 | ||
|---|---|---|---|
| 001 | 7560 | ||
| 003 | |||
| 040 | |||
| 245 | |a Informes | ||
| 650 | |a CONFERENCIAS | ||
| 650 | |a INFORMES | ||
| 650 | |a MIGRACION | ||
| 650 | |a DERECHOS HUMANOS | ||
| 650 | |a MUJERES | ||
| 773 | |g volumen 14, número 1 (40); páginas 219-240 | ||
| 999 | |c 34550 |d 34550 | ||
